书目信息 |
| 题名: |
室内设计手绘表现技法
|
|
| 作者: | 文健 主编 | |
| 分册: | ||
| 出版信息: | 北京 中国建材工业出版社 2017.2 |
|
| 页数: | 210页 | |
| 开本: | 29cm | |
| 丛书名: | ||
| 单 册: | ||
| 中图分类: | TU204.11 | |
| 科图分类: | ||
| 主题词: | 室内装饰设计--绘画技法--教材 | |
| 电子资源: | ||
| ISBN: | 978-7-5160-1750-0 | |
| 000 | 01001nam0 2200253 450 | |
| 001 | 0400001844 | |
| 005 | 20171019171032.0 | |
| 010 | @a978-7-5160-1750-0@dCNY58.00 | |
| 100 | @a20170802e2017 em y0chiy50 ea | |
| 101 | 0 | @achi |
| 102 | @aCN@b110000 | |
| 105 | @aa z 000yy | |
| 106 | @ar | |
| 200 | 1 | @a室内设计手绘表现技法@9shi nei she ji shou hui biao xian ji fa@f文健[等]主编 |
| 210 | @a北京@c中国建材工业出版社@d2017.2 | |
| 215 | @a210页@c彩图@d29cm | |
| 300 | @a环境艺术专业与室内设计专业“十三五”规划教材 | |
| 304 | @a主编还有:王博、杨碧香、邓泰 | |
| 330 | @a本书从最基础的手绘技法的概念、工具和马克笔的笔触开始,介绍线条、透视等理论知识,之后再讲述单体家具与陈设、组合家具与陈设等各类物体的绘制和着色技巧,最后上升到家居空间、商业空间的表现技法、手绘作品欣赏等,阐述了手绘表现技法的特点和训练方法。 | |
| 606 | 0 | @a室内装饰设计@x绘画技法@j教材 |
| 690 | @aTU204.11@v5 | |
| 701 | 0 | @a文健@9wen jian@4主编 |
| 801 | 0 | @aCN@b91MARC@c20171019 |
| 905 | @b1025766-70@dTU204.11@f5@e1046 | |
| 室内设计手绘表现技法/文健[等]主编.-北京:中国建材工业出版社,2017.2 |
| 210页:彩图;29cm |
| 环境艺术专业与室内设计专业“十三五”规划教材 |
| ISBN 978-7-5160-1750-0:CNY58.00 |
| 本书从最基础的手绘技法的概念、工具和马克笔的笔触开始,介绍线条、透视等理论知识,之后再讲述单体家具与陈设、组合家具与陈设等各类物体的绘制和着色技巧,最后上升到家居空间、商业空间的表现技法、手绘作品欣赏等,阐述了手绘表现技法的特点和训练方法。 |
| ● |
| 相关链接 |
|
|
|
|
正题名:室内设计手绘表现技法
索取号:TU204.11/1046
 
预约/预借
| 序号 | 登录号 | 条形码 | 馆藏地/架位号 | 状态 | 备注 |
| 1 | 1025766 | 210257666 | 第二样本阅览室/ [索取号:TU204.11/1046] | 在馆 | |
| 2 | 1025767 | 210257675 | 第三借阅区/ [索取号:TU204.11/1046] | 在馆 | |
| 3 | 1025768 | 210257684 | 第三借阅区/ [索取号:TU204.11/1046] | 在馆 | |
| 4 | 1025769 | 210257693 | 第三借阅区/ [索取号:TU204.11/1046] | 在馆 | |
| 5 | 1025770 | 210257700 | 密集书库-生命科学系/ [索取号:TU204.11/1046] | 在馆 |